000 00695nam a2200193Ia 4500
008 0000001996 pr a 0000000000spa00
090 _aPPR00 V14o
100 1 _aVallejo, Orlando
_d1955
245 1 0 _aOrlando Vallejo Caraballo
_b: pinturas recientes
300 _a[8] p.
_c/ 21 cm.
500 _aCon el patronazgo del maestro venezolano Jesús Rafael Soto (q.e.p.d.)
600 0 0 _aVALLEJO, ORLANDO, 1955 /
_xTRABAJOS PICTORICOS
650 1 4 _aARTE CONTEMPORANEO PUERTORRIQUEÑO
650 1 4 _xCATALOGOS
650 1 4 _xEXPOSICIONES
650 1 4 _aPINTORES PUERTORRIQUEÑOS
650 1 4 _aPINTURA PUERTORRIQUEÑA
999 _c4865
_d4865
260 _aSan Juan (Puerto Rico) : Galería Prinardi
_c1996